000 01152nam a2200337Ia 4500
005 20220317001756.0
008 170328s9999 xx 000 0 und d
020 _a9788498386837
041 _aspa
100 1 _aMárai, Sándor
_d1900-1989
245 1 3 _aLa hermana
_cSándor Márai ; traducción del húngaro de Mária Szijj y J.M. González Trevejo
250 _a1a. edición
300 _a253 páginas
_c22 cm
490 _aSándor Márai
500 _aIncluye datos biográficos del autor en la solapa
534 _tA nóvér
650 1 4 _2LEMB
_aNovela hungara
_ySiglo XX
650 1 4 _2LEMB
_aLiteratura hungara
_ySiglo XX
650 1 4 _2LEMB
_aEnfermedades en la literatura
650 1 4 _2LEMB
_aMedico y paciente en la literatura
650 1 4 _2LEMB
_aMuerte en la literatura
700 1 _aSzijj, Mária
_etraductora
_990548
700 1 _aGonzález Trevejo, J. M
_etraductor
_990549
942 _2loc
_cBKLIT
264 _aBarcelona
_bSalamandra
_c2015
336 _atexto
_btxt
_2rdacontent
337 _asin mediación
_bn
_2rdamedia
338 _avolumen
_bnc
_2rdacarrier
040 _aCO-BoRNBP
_bspa
_erda
_cCO-BoRNBP
084 _aN MAR19
999 _c8053
_d8053